ბათუმის შოთა რუსთაველის სახელმწიფო უნივერსიტეტის ბიბლიოთეკა

Изображения пространственных фигур (ბიბ.ჩანაწერი № 48095)

000 -LEADER
fixed length control field 00563nam a2200205Ia 4500
001 - CONTROL NUMBER
control field 14976
003 - CONTROL NUMBER IDENTIFIER
control field GE_BSU
008 - FIXED-LENGTH DATA ELEMENTS--GENERAL INFORMATION
fixed length control field 181216s||||||||xx |||||||||||||| ||und||
040 ## - CATALOGING SOURCE
Transcribing agency GE_BSU
080 ## - UNIVERSAL DECIMAL CLASSIFICATION NUMBER
Universal Decimal Classification number 514.113
100 ## - MAIN ENTRY--PERSONAL NAME
Personal name Бескин,Н.М.
245 ## - TITLE STATEMENT
Title Изображения пространственных фигур
245 ## - TITLE STATEMENT
Statement of responsibility, etc. Ред.А.Ф.Лапко
260 ## - PUBLICATION, DISTRIBUTION, ETC.
Place of publication, distribution, etc. Москва
260 ## - PUBLICATION, DISTRIBUTION, ETC.
Name of publisher, distributor, etc. Наука
260 ## - PUBLICATION, DISTRIBUTION, ETC.
Date of publication, distribution, etc. 1971
300 ## - PHYSICAL DESCRIPTION
Extent 80стр.20см.
653 ## - INDEX TERM--UNCONTROLLED
Uncontrolled term Изображения пространственных фигур
942 ## - ADDED ENTRY ELEMENTS (KOHA)
Koha item type წიგნი
ეგზემპლარები
Withdrawn status Lost status Damaged status Not for loan Date acquired Barcode Date last seen Price effective from Koha item type
        2018-12-17 15823 2018-12-17 2018-12-17 წიგნი